A Szent István korára és a korábbi keresztény-magyar kapcsolatokra vonatkozó hazai és külföldi forrásművek

Elmentve itt :
Bibliográfiai részletek
Szerző: Gombos Ferenc Albin
Dokumentumtípus: Cikk
Megjelent: [Franklin] [Budapest] 1938
Sorozat:Emlékkönyv Szent István király halálának kilencszázadik évfordulóján
Kulcsszavak:Magyarok - 9-11. sz. - bibliográfia, Kereszténység - 9-11. sz. - bibliográfia
Tárgyszavak:
Online Access:http://misc.bibl.u-szeged.hu/65444
LEADER 00959nab a2200217 i 4500
001 misc65444
005 20221017124722.0
008 220324s1938 hu o 0|| lat d
040 |a SZTE Miscellanea Repozitórium  |b hun 
041 |a lat 
100 1 |a Gombos Ferenc Albin 
245 1 2 |a A Szent István korára és a korábbi keresztény-magyar kapcsolatokra vonatkozó hazai és külföldi forrásművek  |h [elektronikus dokumentum] /  |c  Gombos Ferenc Albin 
260 |a [Franklin]  |b [Budapest]  |c 1938 
300 |a 45 p.  |c 31 cm 
490 0 |a Emlékkönyv Szent István király halálának kilencszázadik évfordulóján 
561 |a Németh Gyula hagyaték 
591 |a NOH 1979 
650 4 |a Bölcsészettudományok 
650 4 |a Történettudomány és régészet 
695 |a Magyarok - 9-11. sz. - bibliográfia, Kereszténység - 9-11. sz. - bibliográfia 
856 4 0 |u http://misc.bibl.u-szeged.hu/65444/1/1979_noh_g51.pdf  |z Dokumentum-elérés